00369nam a22001451a 4500020001800000082001400018100002800032245005400060250000600114260003300120300001000153650002000163650002500183650001500208 a9789354328831 aM3bSRE/A aSreedharan Perumpadavam aAnthiveyilile ponnu/cby Perumpadavam Sreedharan  a3 aKottayam:bD C Books,c2025. a326p. aNovel Malayalam aLiterature Malayalam aLiterature